Učitavanje...
Student`s guide to VHDL /
| Daljnji autori: | |
|---|---|
| Format: | Printed Book |
| Izdano: |
New Delhi:
Elsevier,
2008.
|
| Izdanje: | 2nd |
| Teme: |
| LEADER | 00530cam a2200181ua 4500 | ||
|---|---|---|---|
| 008 | 100831t2008||||||||||| 00 ||||| c | ||
| 082 | |a 621.392 |b ASH/S | ||
| 245 | 1 | 0 | |a Student`s guide to VHDL / |
| 250 | |a 2nd | ||
| 260 | |a New Delhi: |b Elsevier, |c 2008. | ||
| 300 | |a 510p.. | ||
| 362 | 1 | |a 2008. | |
| 650 | |a VHDL | ||
| 650 | 0 | |a Engineering | |
| 700 | 0 | 2 | |a Ashenden,, Peter J. |
| 942 | |c BK | ||
| 999 | |c 23224 |d 23224 | ||
| 952 | |0 0 |1 0 |4 0 |6 621_392000000000000_ASH |7 0 |9 24662 |a KUCL |b KUCL |d 2014-05-23 |l 0 |o 621.392 ASH/ |p 23793 |r 2014-05-23 |w 2014-05-23 |y BK | ||